Women in Modern India, (Record no. 11320)
[ view plain ]
| 000 -LEADER | |
|---|---|
| fixed length control field | 00767nam a2200253Ia 4500 |
| 005 - DATE AND TIME OF LATEST TRANSACTION | |
| control field | 20231206115938.0 |
| 008 - FIXED-LENGTH DATA ELEMENTS--GENERAL INFORMATION | |
| fixed length control field | 131103s9999 xx 000 0 und d |
| 020 ## - ISBN | অাই এস বি এন | |
| ISBN | অাই এস বি এন | 8185618747 |
| PRICE | Rs.350 |
| 040 ## - CATALOGING SOURCE | |
| Original cataloging agency | Loreto College |
| 041 ## - LANGUAGE CODE | |
| Language code | English |
| 082 ## - DDC | ডিউই | |
| Classification number | বর্গসংখ্যা | 396 |
| Book Number | গ্রন্থাঙ্ক | FOR |
| 100 ## - MAIN ENTRY--PERSONAL NAME | মুখ্য সংলেখ - ব্যাক্তিনাম | |
| Personal name | ব্যাক্তিনাম | Farbes,Geraldine |
| 245 ## - TITLE STATEMENT | অাখ্যা বিবরণী | |
| Title | অাখ্যা | Women in Modern India, |
| Statement of responsibility | লেখকের দায়িত্বের বিবরণ | Garaldine Forbes |
| 260 ## - IMPRINT | প্রকাশনা ক্ষেত্র | |
| Place of publication | প্রকাশ স্থান | Cambridge |
| Name of publisher | প্রকাশকের নাম | Cambridge University Press |
| Date of publication | প্রকাশ কাল | 1996 |
| 300 ## - PHYSICAL DESCRIPTION | | |
| Page / Vol. No | পৃষ্ঠা / খন্ড সংখ্যা | xix,289 p. |
| Other physical details | অনান্য বাহ্যিক বিবরণ | illus. |
| 440 ## - SERIES STATEMENT |গ্রন্থমালা | |
| Series Title | গ্রন্থমালা অাখ্যা | The New Cambridge History Of India ; No.iV.2 |
| 504 ## - BIBLIOGRAPHY, ETC. NOTE | |
| Bibliography, etc | Includes bibliographical references and index |
| 630 ## - SUBJECT ADDED ENTRY--UNIFORM TITLE | |
| Uniform title | Indian Women - Social Conditions |
| 650 ## - SUBJECT ADDED ENTRY--TOPICAL TERM | বিষয় শিরোনাম - মূল বিষয় | |
| Topical term | মূল বিষয় | Women - Social Conditions |
| 651 ## - SUBJECT ADDED ENTRY--GEOGRAPHIC NAME | বিষয় শিরোনাম - ভৌগলিক নাম | |
| Geographic name | ভৌগলিক বিষয় | Women Studies |
| 700 ## - ADDED ENTRY--PERSONAL NAME | অতিরিক্ত সংলেখ - ব্ | |
| Personal name | ব্যাক্তিনাম | Johnson,Gordon,series ed. |
| 850 ## - HOLDING INSTITUTION | |
| Holding institution | LCLIB |
| 942 ## - ADDED ENTRY ELEMENTS (KOHA) | |
| Koha item type | Books |
| Withdrawn status | Lost status | Source of classification | Damaged status | Not for loan | Home library | Current library | Date acquired | Total Checkouts | Full call number | Accession No. | Date last seen | Date checked out | Price effective from | Koha item type | Coded location qualifier |
|---|---|---|---|---|---|---|---|---|---|---|---|---|---|---|---|
| Dewey Decimal Classification | Loreto College | Loreto College | 04/11/2013 | 3 | 396 FOR 39177 | B11215 | 28/02/2025 | 21/02/2025 | 04/11/2013 | Books | |||||
| Dewey Decimal Classification | Loreto College | Loreto College | 04/11/2013 | 4 | 396 FOR 40396 | B21386 | 13/05/2022 | 11/05/2022 | 04/11/2013 | Books | |||||
| Dewey Decimal Classification | Loreto College | Loreto College | 04/11/2013 | 6 | 396 FOR 41179 | B21387 | 11/05/2022 | 06/05/2022 | 04/11/2013 | Books |